[Event "Junior Online 4NCL Division 5"]
[Site "online"]
[Date "2021.01.21"]
[Round "1.123"]
[White "Vysohlid, Peter"]
[Black "Dane, James"]
[Result "1/2-1/2"]
[WhiteElo "886"]
[BlackElo "1232"]
[PlyCount "73"]
[EventDate "2021.01.21"]
[WhiteTeam "Cambridge Chess & Go C"]
[BlackTeam "Desert Penguins Jupiter"]

1. e4 e5 2. Nf3 Nf6 3. Bc4 d5 4. exd5 e4 5. Ng5 h6 6. Nxf7 Kxf7 7. d6+ Ke8 8.
b3 cxd6 9. Bb2 d5 10. Bxf6 gxf6 11. Qh5+ Ke7 12. Bxd5 Bg7 13. Qf7+ Kd6 14. Nc3
Rg8 15. Nxe4+ Ke5 16. d3 f5 17. Qxg8 Qxg8 18. Bxg8 fxe4 19. dxe4 Kxe4 20. f3+
Kf4 21. O-O b6 22. Rfd1 Nc6 23. Bd5 Bd7 24. Bxc6 Bxc6 25. g3+ Kxf3 26. Rf1+ Ke4
27. Rf4+ Kd5 28. Rd1+ Ke5 29. Re1+ Kd5 30. c4+ Kc5 31. Rf5+ Kb4 32. Rf7 Bd4+
33. Kf1 Ka3 34. Re2 Rd8 35. Rf4 Bc5 36. Re6 Rd1+ 37. Ke2 1/2-1/2

[Event "Junior Online 4NCL Division 5"]
[Site "online"]
[Date "2021.01.21"]
[Round "1.124"]
[White "Cleanis, Theo"]
[Black "Ortu, Lorenzo"]
[Result "1-0"]
[WhiteElo "1225"]
[BlackElo "750"]
[PlyCount "81"]
[EventDate "2021.01.21"]
[WhiteTeam "Desert Penguins Jupiter"]
[BlackTeam "Cambridge Chess & Go C"]

1. d4 d5 2. c4 dxc4 3. e3 Nf6 4. Bxc4 Ne4 5. Nf3 Bg4 6. h3 Nxf2 7. Kxf2 f5 8.
hxg4 fxg4 9. Ne5 Nc6 10. Nxc6 bxc6 11. Qxg4 Qd7 12. Qxd7+ Kxd7 13. Rh5 g6 14.
Rh3 Rg8 15. Bxg8 g5 16. Bxh7 g4 17. Rg3 e5 18. dxe5 Bb4 19. Bd2 Rb8 20. Bxb4
Rxb4 21. b3 Rb5 22. Nc3 Rxe5 23. Rd1+ Rd5 24. Rxd5+ cxd5 25. Nxd5 c6 26. Nc3 a5
27. Rxg4 c5 28. e4 c4 29. bxc4 a4 30. e5 Ke6 31. Rg5 a3 32. c5 Kd7 33. Bf5+ Ke7
34. c6 Kd8 35. Nd5 Ke8 36. Rg8+ Kf7 37. Rg7+ Kxg7 38. c7 Kf8 39. c8=Q+ Kg7 40.
Qd7+ Kh8 41. Qe8+ 1-0

[Event "Junior Online 4NCL Division 5"]
[Site "online"]
[Date "2021.01.21"]
[Round "1.126"]
[White "Syposz, Iza"]
[Black "Quillaud, Maxime"]
[Result "0-1"]
[WhiteElo "1007"]
[BlackElo "1308"]
[PlyCount "46"]
[EventDate "2021.01.21"]
[WhiteTeam "Cambridge Chess & Go C"]
[BlackTeam "Desert Penguins Jupiter"]

1. e4 c5 2. Nf3 d6 3. Bb5+ Bd7 4. Bxd7+ Nxd7 5. Rf1 Ngf6 6. e5 Nxe5 7. Nxe5
dxe5 8. Rh1 e6 9. Kf1 Be7 10. d3 O-O 11. Bg5 c4 12. Na3 cxd3 13. cxd3 Rc8 14.
Bxf6 Bxf6 15. Nc4 e4 16. b3 Bxa1 17. Qxa1 Qxd3+ 18. Ke1 Rfd8 19. Nb2 Qd2+ 20.
Kf1 Rc1+ 21. Qxc1 Qxc1+ 22. Ke2 Qxb2+ 23. Kf1 Rd1# 0-1

[Event "Junior Online 4NCL Division 5"]
[Site "online"]
[Date "2021.01.21"]
[Round "1.128"]
[White "Ortu, Lorenzo"]
[Black "Cleanis, Theo"]
[Result "0-1"]
[WhiteElo "750"]
[BlackElo "1225"]
[PlyCount "74"]
[EventDate "2021.01.21"]
[WhiteTeam "Cambridge Chess & Go C"]
[BlackTeam "Desert Penguins Jupiter"]

1. d4 d5 2. Nc3 Nf6 3. Ne4 Nxe4 4. f3 Nf6 5. e4 dxe4 6. fxe4 Nxe4 7. Bb5+ Bd7
8. c4 Bxb5 9. cxb5 c6 10. d5 cxd5 11. Be3 e6 12. b6 axb6 13. Bxb6 Bc5 14. Bxd8
Kxd8 15. Nf3 Nf2 16. O-O Nxd1+ 17. Nd4 Bxd4+ 18. Rf2 Bxf2+ 19. Kh1 Ne3 20. Rf1
Nxf1 21. b4 Bg1 22. Kxg1 Nxh2 23. Kxh2 d4 24. Kg1 d3 25. Kf1 Ke7 26. Ke1 Rd8
27. Kd1 Nc6 28. b5 Nb4 29. a3 Rxa3 30. g4 Ra1+ 31. Kd2 Ra2+ 32. Ke3 d2 33. Ke2
d1=Q+ 34. Ke3 Ra3+ 35. Kf4 Qd4+ 36. Kg5 h6+ 37. Kh5 Rh3# 0-1

[Event "Junior Online 4NCL Division 5"]
[Site "online"]
[Date "2021.01.21"]
[Round "1.131"]
[White "Ray, Ayush"]
[Black "Baker, Luke"]
[Result "1-0"]
[WhiteElo "1771"]
[BlackElo "909"]
[PlyCount "25"]
[EventDate "2021.01.21"]
[WhiteTeam "Chess Challengers A"]
[BlackTeam "Surrey Kings 4"]

1. e4 e5 2. Nf3 Nc6 3. Bc4 Bc5 4. d3 Nf6 5. Bg5 d6 6. Nc3 O-O 7. Nd5 Bg4 8. h3
Bxf3 9. Qxf3 h6 10. Nxf6+ gxf6 11. Bxf6 Qe8 12. Qg4+ Kh7 13. Qg7# 1-0

[Event "Junior Online 4NCL Division 5"]
[Site "online"]
[Date "2021.01.21"]
[Round "1.132"]
[White "Mallia, Luca"]
[Black "Sidana, Rishabh"]
[Result "0-1"]
[WhiteElo "922"]
[BlackElo "1660"]
[PlyCount "64"]
[EventDate "2021.01.21"]
[WhiteTeam "Surrey Kings 4"]
[BlackTeam "Chess Challengers A"]

1. e4 e5 2. Nf3 Nc6 3. Bc4 Nf6 4. d3 Bc5 5. Nc3 O-O 6. O-O a6 7. a4 d6 8. Bg5
h6 9. Bxf6 gxf6 10. Re1 Kh7 11. Qe2 Be6 12. Nd5 Bxd5 13. exd5 Ne7 14. Rad1 Nf5
15. Qe4 Qd7 16. c3 Rfe8 17. b4 Ba7 18. b5 Kh8 19. Rb1 a5 20. d4 exd4 21. cxd4
Rxe4 22. Rxe4 Re8 23. Rbe1 Rxe4 24. Rxe4 c6 25. bxc6 bxc6 26. dxc6 Qxc6 27.
Re8+ Qxe8 28. h3 Nxd4 29. Nxd4 Bxd4 30. g4 Qe1+ 31. Kg2 Qxf2+ 32. Kh1 Qg1# 0-1

[Event "Junior Online 4NCL Division 5"]
[Site "online"]
[Date "2021.01.21"]
[Round "1.133"]
[White "Gupta, Shourya"]
[Black "Ambrose, Ferran"]
[Result "1-0"]
[WhiteElo "1640"]
[BlackElo "925"]
[PlyCount "103"]
[EventDate "2021.01.21"]
[WhiteTeam "Chess Challengers A"]
[BlackTeam "Surrey Kings 4"]

1. c4 d5 2. e3 Be6 3. cxd5 Bxd5 4. Nc3 Be6 5. d4 Qc8 6. Qa4+ Bd7 7. Bb5 c6 8.
Bd3 c5 9. Qc4 cxd4 10. Qxc8+ Bxc8 11. exd4 Nc6 12. Nf3 Nb4 13. Be4 Rb8 14. Nb5
a6 15. Nc7+ Kd8 16. Bf4 e6 17. Nxe6+ fxe6 18. Bxb8 b6 19. Ba7 Bb7 20. Bxb6+ Kc8
21. Bb1 Nf6 22. a3 Nbd5 23. Bc5 Bxc5 24. dxc5 Nf4 25. Nd4 Nxg2+ 26. Kd2 Nf4 27.
c6 Ba8 28. Re1 Re8 29. Bf5 g6 30. Bxe6+ Nxe6 31. Rxe6 Rd8 32. Rxf6 Rxd4+ 33.
Kc2 Rh4 34. Re1 Rxh2 35. Rf8+ Kc7 36. Rxa8 Kxc6 37. Re6+ Kd5 38. Rexa6 Rxf2+
39. Kb1 h5 40. Rxg6 h4 41. Rh6 Rh2 42. Rah8 Rh1+ 43. Ka2 Rh3 44. Rxh4 Rd3 45.
Rd8+ Ke5 46. Rxd3 Kf5 47. a4 Ke5 48. a5 Kf5 49. a6 Kf6 50. a7 Kg5 51. Rb4 Kf5
52. a8=Q 1-0

[Event "Junior Online 4NCL Division 5"]
[Site "online"]
[Date "2021.01.21"]
[Round "1.134"]
[White "Saraty, Thomas"]
[Black "Rajaram, Dilip"]
[Result "0-1"]
[WhiteElo "865"]
[BlackElo "1635"]
[PlyCount "48"]
[EventDate "2021.01.21"]
[WhiteTeam "Surrey Kings 4"]
[BlackTeam "Chess Challengers A"]

1. e4 e5 2. Nc3 Nc6 3. Nf3 Bc5 4. Bc4 d6 5. O-O Be6 6. b3 Nf6 7. Bb2 O-O 8. Ng5
Bxc4 9. bxc4 h6 10. Nf3 Ng4 11. h3 Nxf2 12. Rxf2 Bxf2+ 13. Kxf2 f5 14. exf5
Rxf5 15. a3 Qh4+ 16. Kf1 Qxc4+ 17. Kf2 Nd4 18. Ne2 Nxf3 19. gxf3 Raf8 20. Ng3
Rxf3+ 21. Kg2 Rf2+ 22. Kg1 Qh4 23. Kh1 Qxh3+ 24. Kg1 Qg2# 0-1

[Event "Junior Online 4NCL Division 5"]
[Site "online"]
[Date "2021.01.21"]
[Round "1.135"]
[White "Baker, Luke"]
[Black "Ray, Ayush"]
[Result "0-1"]
[WhiteElo "909"]
[BlackElo "1771"]
[PlyCount "96"]
[EventDate "2021.01.21"]
[WhiteTeam "Surrey Kings 4"]
[BlackTeam "Chess Challengers A"]

1. e4 e5 2. Nf3 Nc6 3. Bb5 Bc5 4. d3 a6 5. Bxc6 dxc6 6. Bg5 f6 7. Be3 Bxe3 8.
fxe3 Bg4 9. d4 Ne7 10. dxe5 Qxd1+ 11. Kxd1 fxe5 12. h3 Bxf3+ 13. gxf3 O-O-O+
14. Kc1 Rhf8 15. Rf1 Ng6 16. Nc3 Nh4 17. f4 exf4 18. exf4 Ng2 19. f5 g6 20. b3
gxf5 21. exf5 Ne3 22. Rf3 Nxf5 23. Rxf5 Rxf5 24. Kb2 Rf3 25. h4 Rh3 26. a4 Rxh4
27. Rg1 h5 28. Rg3 Rg4 29. Rxg4 hxg4 30. Ne2 Re8 31. Ng3 Re3 32. Nf1 Rf3 33.
Nh2 Rg3 34. Nf1 Rg1 35. Ne3 g3 36. Nf5 g2 37. Nh4 Rb1+ 38. Kxb1 g1=Q+ 39. Kb2
Qd4+ 40. Ka3 Qxh4 41. Ka2 Qf2 42. Ka3 Qxc2 43. Kb4 c5+ 44. Ka3 c4 45. Kb4 cxb3
46. Ka3 b2 47. Kb4 b1=Q+ 48. Ka3 Qca2# 0-1

[Event "Junior Online 4NCL Division 5"]
[Site "online"]
[Date "2021.01.21"]
[Round "1.136"]
[White "Sidana, Rishabh"]
[Black "Mallia, Luca"]
[Result "1/2-1/2"]
[WhiteElo "1660"]
[BlackElo "922"]
[PlyCount "150"]
[EventDate "2021.01.21"]
[WhiteTeam "Chess Challengers A"]
[BlackTeam "Surrey Kings 4"]

1. e4 e5 2. Nf3 Nc6 3. Nc3 Bc5 4. Bc4 d6 5. d3 Nf6 6. Be3 Be6 7. Nd5 a6 8.
Nxf6+ Qxf6 9. Bxe6 Qxe6 10. Bxc5 dxc5 11. O-O O-O 12. Ng5 Qg6 13. Nf3 Rad8 14.
Kh1 Rd6 15. a3 Qg4 16. Nd2 Rg6 17. Qxg4 Rxg4 18. f3 Rg6 19. c4 Nd4 20. f4 Rf6
21. fxe5 Rg6 22. Nf3 Nc2 23. Rac1 Ne3 24. Rf2 Rd8 25. Nh4 Rg4 26. Nf5 Nxf5 27.
Rxf5 Rxd3 28. Rcf1 Rd7 29. e6 Re7 30. Rxf7 Rxf7 31. Rxf7 h5 32. Rxc7 Rxe4 33.
Kg1 Rxe6 34. Rxb7 Re5 35. Rb6 Re1+ 36. Kf2 Rh1 37. h3 g5 38. Rxa6 g4 39. hxg4
hxg4 40. Rc6 Rb1 41. Rxc5 Rxb2+ 42. Kg1 g3 43. Rg5+ Kf7 44. Rxg3 Ra2 45. Rf3+
Ke6 46. Re3+ Kf5 47. c5 Rc2 48. Rf3+ Ke4 49. Rh3 Rxc5 50. Rh4+ Ke3 51. Rh3+ Kf4
52. Rh4+ Kg3 53. Rh3+ Kf4 54. Kf2 Rc2+ 55. Kg1 Kg4 56. a4 Rc1+ 57. Kf2 Rc2+ 58.
Kg1 Ra2 59. Kh2 Rxa4 60. Rg3+ Kf4 61. Rh3 Ra2 62. Rh4+ Ke3 63. Rh3+ Kf2 64.
Rf3+ Ke2 65. Kg3 Ra1 66. Rf2+ Ke3 67. Rf3+ Ke4 68. Rf4+ Ke5 69. Rh4 Ra3+ 70.
Kh2 Kf5 71. Rh5+ Kg4 72. Rh3 Rxh3+ 73. gxh3+ Kf3 74. h4 Kg4 75. h5 Kxh5 1/2-1/2

[Event "Junior Online 4NCL Division 5"]
[Site "online"]
[Date "2021.01.21"]
[Round "1.137"]
[White "Ambrose, Ferran"]
[Black "Gupta, Shourya"]
[Result "0-1"]
[WhiteElo "925"]
[BlackElo "1640"]
[PlyCount "38"]
[EventDate "2021.01.21"]
[WhiteTeam "Surrey Kings 4"]
[BlackTeam "Chess Challengers A"]

1. d4 e6 2. e4 d5 3. exd5 exd5 4. c4 Nf6 5. cxd5 Nxd5 6. Qf3 Nc6 7. Bc4 Nf6 8.
g4 Nxd4 9. Qf4 Bxg4 10. h3 Nc2+ 11. Kf1 Qd1+ 12. Kg2 Nxa1 13. hxg4 Bd6 14. Qf5
Qxc1 15. g5 Qxc4 16. gxf6 gxf6 17. Rxh7 Rg8+ 18. Kh1 Qf1 19. Qxf6 Qxg1# 0-1

[Event "Junior Online 4NCL Division 5"]
[Site "online"]
[Date "2021.01.21"]
[Round "1.138"]
[White "Rajaram, Dilip"]
[Black "Saraty, Thomas"]
[Result "1-0"]
[WhiteElo "1635"]
[BlackElo "865"]
[PlyCount "43"]
[EventDate "2021.01.21"]
[WhiteTeam "Chess Challengers A"]
[BlackTeam "Surrey Kings 4"]

1. e4 Nf6 2. Nc3 Nc6 3. Bc4 e5 4. Nf3 Bc5 5. d3 d6 6. Be3 Bg4 7. O-O Bxf3 8.
Qxf3 O-O 9. a3 Bxe3 10. fxe3 d5 11. Nxd5 Nb8 12. Nxf6+ gxf6 13. Qg3+ Kh8 14. d4
exd4 15. exd4 Qxd4+ 16. Kh1 Qxc4 17. Rxf6 Rg8 18. Qh3 Qxe4 19. Rxf7 Qe1+ 20.
Rxe1 Rg7 21. Re8+ Rg8 22. Qxh7# 1-0

[Event "Junior Online 4NCL Division 5"]
[Site "online"]
[Date "2021.01.21"]
[Round "1.141"]
[White "Rolletta, Giuseppe"]
[Black "Markov, Aleksa"]
[Result "0-1"]
[WhiteElo "1137"]
[BlackElo "1253"]
[PlyCount "140"]
[EventDate "2021.01.21"]
[WhiteTeam "Golden Falcons 2"]
[BlackTeam "Maidenhead Juniors 3"]

1. d4 d5 2. b3 e6 3. Bb2 Nf6 4. Nd2 c5 5. g3 Nc6 6. e3 Qb6 7. Ngf3 Bd6 8. Bg2
O-O 9. O-O Ne4 10. g4 Nxd2 11. Qxd2 cxd4 12. exd4 Bb4 13. Bc3 Bxc3 14. Qxc3 Qb4
15. Qxb4 Nxb4 16. c3 Nc6 17. c4 dxc4 18. bxc4 Bd7 19. d5 exd5 20. cxd5 Nb4 21.
Ng5 Bxg4 22. h3 Bd7 23. Rad1 h6 24. Ne4 Nxa2 25. Nc5 Bb5 26. d6 Bxf1 27. Kxf1
b6 28. Bxa8 bxc5 29. Be4 Rd8 30. d7 Nc3 31. Re1 Nxe4 32. Rxe4 Rxd7 33. Re8+ Kh7
34. Kg2 Rd3 35. Rc8 Rc3 36. f4 Rc2+ 37. Kg3 c4 38. Kg4 c3 39. Kf5 Rc1 40. Ke4
c2 41. Kd3 Kg6 42. Kd2 Rh1 43. Kxc2 Rxh3 44. Kd2 Rf3 45. Ke2 Rxf4 46. Ke3 Rf6
47. Ke4 h5 48. Ke3 h4 49. Rc1 Kg5 50. Ke2 Rh6 51. Kf2 h3 52. Kg1 h2+ 53. Kg2
h1=Q+ 54. Rxh1 Rxh1 55. Kxh1 a5 56. Kg1 a4 57. Kf1 a3 58. Ke1 a2 59. Kd2 a1=Q
60. Kd3 Qa4 61. Kc3 Kf5 62. Kd3 Qb4 63. Kc2 Qa3 64. Kd2 Qb3 65. Ke2 Qc3 66. Kf2
Qd3 67. Ke1 Qc2 68. Kf1 Kg4 69. Ke1 Kf3 70. Kf1 Qf2# 0-1

[Event "Junior Online 4NCL Division 5"]
[Site "online"]
[Date "2021.01.21"]
[Round "1.142"]
[White "Rajeev-Lazar, Csilla"]
[Black "Morozova, Eva"]
[Result "1-0"]
[WhiteElo "1213"]
[BlackElo "1100"]
[PlyCount "111"]
[EventDate "2021.01.21"]
[WhiteTeam "Maidenhead Juniors 3"]
[BlackTeam "Golden Falcons 2"]

1. d4 e6 2. c4 Nc6 3. g3 f5 4. Bg2 Nf6 5. Nf3 Bb4+ 6. Bd2 O-O 7. Bxb4 Nxb4 8.
a3 Nc6 9. O-O a5 10. Nc3 d5 11. c5 b6 12. cxb6 cxb6 13. Re1 b5 14. b3 Bd7 15.
Nxb5 e5 16. Nc3 exd4 17. Nxd4 Nxd4 18. Qxd4 Rc8 19. Nxd5 Bc6 20. Nxf6+ Rxf6 21.
Qxd8+ Rxd8 22. Bxc6 Rxc6 23. Rac1 Rb6 24. Rb1 a4 25. bxa4 Ra6 26. Rb5 g6 27.
Rb4 Rc8 28. Rd1 Rc3 29. Rd3 Rc8 30. f4 Rca8 31. Rdd4 h6 32. e4 Kg7 33. exf5
gxf5 34. Kf2 Kh7 35. Kf3 Kg6 36. h4 Rc6 37. Rd3 Rca6 38. Rbb3 Rxa4 39. g4 R8a5
40. h5+ Kf6 41. Kg3 Ke6 42. Kf3 Rd5 43. Rxd5 Kxd5 44. gxf5 Kc4 45. Re3 Kd4 46.
Re4+ Kd5 47. Rxa4 Kc5 48. f6 Kb5 49. f7 Kxa4 50. f8=Q Kb5 51. Qxh6 Ka4 52. Ke4
Kxa3 53. Kd3 Ka4 54. Qb6 Ka3 55. Kc3 Ka2 56. Qb2# 1-0

[Event "Junior Online 4NCL Division 5"]
[Site "online"]
[Date "2021.01.21"]
[Round "1.143"]
[White "Masterskikh, Elena"]
[Black "Kumar, Satyam"]
[Result "0-1"]
[WhiteElo "870"]
[BlackElo "1204"]
[PlyCount "36"]
[EventDate "2021.01.21"]
[WhiteTeam "Golden Falcons 2"]
[BlackTeam "Maidenhead Juniors 3"]

1. e4 e5 2. Nf3 Nc6 3. Bd3 Nf6 4. O-O Bc5 5. Re1 O-O 6. Nc3 Ng4 7. h3 Bxf2+ 8.
Kf1 Bxe1 9. Kxe1 Nf6 10. g4 d5 11. exd5 Nxd5 12. Nxd5 Qxd5 13. Ng5 h6 14. Ne4
f5 15. Kf2 fxe4+ 16. Ke3 exd3 17. cxd3 Qd4+ 18. Ke2 Qf2# 0-1

[Event "Junior Online 4NCL Division 5"]
[Site "online"]
[Date "2021.01.21"]
[Round "1.144"]
[White "Anchan, Anirudh"]
[Black "Masterskikh, Luka"]
[Result "1-0"]
[WhiteElo "1086"]
[BlackElo "500"]
[PlyCount "49"]
[EventDate "2021.01.21"]
[WhiteTeam "Maidenhead Juniors 3"]
[BlackTeam "Golden Falcons 2"]

1. e4 e5 2. Nf3 Nc6 3. Bc4 Nf6 4. Nc3 Bc5 5. O-O O-O 6. h3 d6 7. d3 h6 8. a3 a6
9. b4 Bb6 10. Nd5 Nxd5 11. Bxd5 Qf6 12. a4 Kh8 13. c3 Rg8 14. a5 g5 15. Qd2 g4
16. hxg4 Rg6 17. g3 Kh7 18. Kg2 Bxg4 19. Nh4 Bf3+ 20. Nxf3 Qe7 21. Rh1 h5 22.
Rxh5+ Kg7 23. Nh4 Rf6 24. Qg5+ Kf8 25. Rh8# 1-0

[Event "Junior Online 4NCL Division 5"]
[Site "online"]
[Date "2021.01.21"]
[Round "1.145"]
[White "Markov, Aleksa"]
[Black "Rolletta, Giuseppe"]
[Result "1-0"]
[WhiteElo "1253"]
[BlackElo "1137"]
[PlyCount "79"]
[EventDate "2021.01.21"]
[WhiteTeam "Maidenhead Juniors 3"]
[BlackTeam "Golden Falcons 2"]

1. e4 e5 2. Nf3 Nf6 3. Nxe5 Nxe4 4. Qe2 d6 5. Qxe4 dxe5 6. Qxe5+ Qe7 7. Qxe7+
Bxe7 8. Bd3 Nc6 9. Nc3 Nb4 10. O-O Nc6 11. Re1 O-O 12. Nd5 Bd7 13. Nxe7+ Nxe7
14. Rxe7 Rfe8 15. Rxd7 Re1+ 16. Bf1 Rae8 17. d3 g5 18. f3 f6 19. Kf2 R1e7 20.
Rxe7 Rxe7 21. Be3 Rg7 22. Bxa7 b5 23. Re1 c6 24. Re8+ Kf7 25. Rb8 Kg6 26. Bc5
Kf7 27. Rb7+ Kg8 28. Rxg7+ Kxg7 29. c4 bxc4 30. dxc4 h5 31. b4 Kg6 32. a4 f5
33. b5 Kf7 34. bxc6 Ke8 35. a5 Kd8 36. a6 Kc8 37. a7 Kc7 38. a8=Q f4 39. Qb7+
Kd8 40. Qd7# 1-0

[Event "Junior Online 4NCL Division 5"]
[Site "online"]
[Date "2021.01.21"]
[Round "1.146"]
[White "Morozova, Eva"]
[Black "Rajeev-Lazar, Csilla"]
[Result "0-1"]
[WhiteElo "1100"]
[BlackElo "1213"]
[PlyCount "52"]
[EventDate "2021.01.21"]
[WhiteTeam "Golden Falcons 2"]
[BlackTeam "Maidenhead Juniors 3"]

1. e4 Nf6 2. Nc3 d5 3. g3 dxe4 4. Bg2 Bf5 5. g4 Bxg4 6. h3 Bxd1 7. Kxd1 Nc6 8.
Bxe4 Nxe4 9. Nxe4 Qd5 10. d3 f5 11. Nc3 Qxh1 12. Bg5 Qxg1+ 13. Kd2 Qxg5+ 14.
Kd1 Nd4 15. b4 Qg1+ 16. Kd2 Qxf2+ 17. Kc1 Ne2+ 18. Nxe2 Qxe2 19. Rb1 g6 20. d4
Bg7 21. c3 O-O-O 22. Rb2 Qe1+ 23. Kc2 Bxd4 24. cxd4 Rxd4 25. Rb1 Qe2+ 26. Kc1
Rd1# 0-1

[Event "Junior Online 4NCL Division 5"]
[Site "online"]
[Date "2021.01.21"]
[Round "1.147"]
[White "Kumar, Satyam"]
[Black "Masterskikh, Elena"]
[Result "1-0"]
[WhiteElo "1204"]
[BlackElo "870"]
[PlyCount "37"]
[EventDate "2021.01.21"]
[WhiteTeam "Maidenhead Juniors 3"]
[BlackTeam "Golden Falcons 2"]

1. e4 e5 2. Nf3 Nf6 3. Nc3 Bc5 4. Bc4 O-O 5. d3 d6 6. h3 h6 7. O-O g5 8. Nd5
Re8 9. Nxf6+ Kg7 10. Nxe8+ Qxe8 11. h4 gxh4 12. Nxh4 Kh7 13. Qh5 Nc6 14. Qxh6+
Kg8 15. Nf5 Bxf5 16. exf5 Ne7 17. f6 Nf5 18. Qg5+ Ng7 19. Qxg7# 1-0

[Event "Junior Online 4NCL Division 5"]
[Site "online"]
[Date "2021.01.21"]
[Round "1.148"]
[White "Masterskikh, Luka"]
[Black "Anchan, Anirudh"]
[Result "1-0"]
[WhiteElo "500"]
[BlackElo "1086"]
[PlyCount "54"]
[EventDate "2021.01.21"]
[WhiteTeam "Golden Falcons 2"]
[BlackTeam "Maidenhead Juniors 3"]

1. d4 e6 2. Nf3 Nf6 3. Bf4 Nc6 4. c3 d5 5. e3 Bd6 6. Bg3 O-O 7. Bd3 g6 8. O-O
Ng4 9. Nbd2 Bxg3 10. fxg3 Nxe3 11. Qe2 Nxf1 12. Qxf1 a6 13. g4 b5 14. Ng5 Qxg5
15. Nf3 Qe7 16. g3 e5 17. Qh3 e4 18. Ne1 exd3 19. Nxd3 Qe3+ 20. Kf1 Qxd3+ 21.
Kg2 Qe4+ 22. Kf2 Bxg4 23. Qh4 Qf3+ 24. Ke1 Rae8+ 25. Kd2 Qf2+ 26. Kd3 Bf5+ 27.
Qe4 Bxe4# 1-0

[Event "Junior Online 4NCL Division 5"]
[Site "online"]
[Date "2021.01.21"]
[Round "1.151"]
[White "Salkauskas, Deimantas"]
[Black "Tchernitser, David"]
[Result "1-0"]
[WhiteElo "1266"]
[BlackElo "843"]
[PlyCount "67"]
[EventDate "2021.01.21"]
[WhiteTeam "Colchester Juniors C"]
[BlackTeam "Edgware Gambits K"]

1. e4 e5 2. Nf3 Nc6 3. Bc4 d6 4. c3 Bg4 5. h3 Bh5 6. Be2 Na5 7. d4 c6 8. dxe5
dxe5 9. Qxd8+ Kxd8 10. Nxe5 f6 11. Nf3 Ne7 12. Bf4 g5 13. Be3 Bh6 14. Na3 c5
15. Bxc5 Nec6 16. Rd1+ Kc7 17. Be7 Rae8 18. Bxf6 Rxe4 19. Bxh8 g4 20. hxg4 Bxg4
21. Rxh6 Bxf3 22. gxf3 Ra4 23. Rxh7+ Kb6 24. Bb5 Kc5 25. Bxa4 Nc4 26. Bd4+ Kd5
27. Rd7+ Ke6 28. Bxc6 Kf5 29. Be4+ Kf4 30. Rf7+ Kg5 31. Ke2 Kh4 32. Rh1+ Kg5
33. Rg1+ Kh6 34. Rh7# 1-0

[Event "Junior Online 4NCL Division 5"]
[Site "online"]
[Date "2021.01.21"]
[Round "1.152"]
[White "Subramonian, Ananya"]
[Black "Baig, Huzaifa"]
[Result "0-1"]
[WhiteElo "796"]
[BlackElo "1240"]
[PlyCount "98"]
[EventDate "2021.01.21"]
[WhiteTeam "Edgware Gambits K"]
[BlackTeam "Colchester Juniors C"]

1. e4 c5 2. Bc4 Nc6 3. Nf3 h6 4. Nc3 e6 5. e5 d5 6. Bb3 Qc7 7. Ba4 Bd7 8. Qe2
Be7 9. O-O a6 10. Bb3 c4 11. Ba4 b5 12. Bxb5 axb5 13. Nxb5 Qb6 14. a4 Nb4 15.
c3 Nd3 16. Nfd4 Bc5 17. b4 Bxd4 18. cxd4 Bxb5 19. axb5 Rxa1 20. Qf3 Rxc1 21.
Rxc1 Nxc1 22. Qa3 Nd3 23. Qa8+ Kd7 24. Kf1 Nxb4 25. Qf8 Nd3 26. Qxf7+ Ne7 27.
Qxg7 Rg8 28. Qxh6 Qxd4 29. Qf6 Qf4 30. b6 Rf8 31. Qxf4 Rxf4 32. b7 Rxf2+ 33.
Kg1 Kc7 34. g3 Kxb7 35. Kh1 Rxd2 36. Kg1 Nxe5 37. Kf1 Rxh2 38. Kg1 Ra2 39. Kf1
Ng4 40. Ke1 Ng8 41. Kd1 N8f6 42. Kc1 Ne4 43. Kb1 Rh2 44. Kc1 Nxg3 45. Kd1 Kc6
46. Kc1 Kc5 47. Kd1 Kd4 48. Kc1 Kd3 49. Kd1 Rh1# 0-1

[Event "Junior Online 4NCL Division 5"]
[Site "online"]
[Date "2021.01.21"]
[Round "1.155"]
[White "Tchernitser, David"]
[Black "Salkauskas, Deimantas"]
[Result "0-1"]
[WhiteElo "843"]
[BlackElo "1266"]
[PlyCount "42"]
[EventDate "2021.01.21"]
[WhiteTeam "Edgware Gambits K"]
[BlackTeam "Colchester Juniors C"]

1. e4 e5 2. Nc3 Nf6 3. Nf3 Nc6 4. Bb5 Bc5 5. O-O O-O 6. d4 exd4 7. Nxd4 Nxd4 8.
Na4 Nxb5 9. Nxc5 d6 10. Nd3 Nxe4 11. Qh5 Nf6 12. Qxb5 Bd7 13. Qg5 h6 14. Qa5 b6
15. Qb4 c5 16. Qf4 Bc6 17. f3 Nh5 18. Qf5 Qf6 19. Qxh5 Rfe8 20. Re1 Qd4+ 21.
Nf2 Rxe1# 0-1

[Event "Junior Online 4NCL Division 5"]
[Site "online"]
[Date "2021.01.21"]
[Round "1.156"]
[White "Baig, Huzaifa"]
[Black "Subramonian, Ananya"]
[Result "1-0"]
[WhiteElo "1240"]
[BlackElo "796"]
[PlyCount "53"]
[EventDate "2021.01.21"]
[WhiteTeam "Colchester Juniors C"]
[BlackTeam "Edgware Gambits K"]

1. e4 e5 2. Nf3 Nc6 3. Bc4 Bc5 4. Nc3 d6 5. h3 Nf6 6. d3 h6 7. Be3 Bxe3 8. fxe3
O-O 9. a3 Nh5 10. Ne2 Qf6 11. O-O Qg6 12. Kh2 Nf6 13. Qe1 Qh5 14. Qh4 Ng4+ 15.
hxg4 Qg6 16. Qh5 Qf6 17. Nh4 Qe7 18. Nf5 Qf6 19. Bxf7+ Rxf7 20. Kg1 Rf8 21. Rf2
Qe6 22. Raf1 Kh8 23. g5 Qa2 24. gxh6 gxh6 25. Qxh6+ Kg8 26. Ne7+ Nxe7 27. Rxf8#
1-0

[Event "Junior Online 4NCL Division 5"]
[Site "online"]
[Date "2021.01.21"]
[Round "1.161"]
[White "Winser, Frederick"]
[Black "Bhatia, Jai"]
[Result "0-1"]
[WhiteElo "1176"]
[BlackElo "1584"]
[PlyCount "76"]
[EventDate "2021.01.21"]
[WhiteTeam "Manchester Juniors E"]
[BlackTeam "Chess Challengers B"]

1. e4 e5 2. Nf3 Nc6 3. Nc3 Nf6 4. Bd3 Be7 5. O-O b6 6. h3 Nd4 7. b3 d5 8. exd5
Nxd5 9. Nxe5 Bd6 10. Nxd5 Bxe5 11. Be4 Nf3+ 12. Qxf3 Bxa1 13. Ba3 Bd4 14. Qg3
Rb8 15. Re1 Be6 16. Nxc7+ Kd7 17. Qd6+ Kc8 18. Bd3 Qxd6 19. Bxd6 Bc5 20. Ba6+
Kd7 21. Bb5+ Kxd6 22. Nxe6 fxe6 23. c3 Rbf8 24. Re2 Ke7 25. b4 Bd6 26. Bc4 Rf6
27. g3 h5 28. Kg2 g5 29. d4 h4 30. g4 Rc8 31. Bb3 Rxc3 32. d5 a5 33. bxa5 bxa5
34. dxe6 Bc5 35. Re5 Rxf2+ 36. Kh1 Rc1+ 37. Bd1 Rxd1+ 38. Re1 Rxe1# 0-1

[Event "Junior Online 4NCL Division 5"]
[Site "online"]
[Date "2021.01.21"]
[Round "1.162"]
[White "Srinivasan, Raghav"]
[Black "Elisseev-Siuda, Ivan"]
[Result "1-0"]
[WhiteElo "1545"]
[BlackElo "1099"]
[PlyCount "69"]
[EventDate "2021.01.21"]
[WhiteTeam "Chess Challengers B"]
[BlackTeam "Manchester Juniors E"]

1. e4 e5 2. Nf3 Nc6 3. Bb5 Bc5 4. Bxc6 dxc6 5. d3 Bg4 6. Nc3 Bd6 7. h3 Bh5 8.
Bg5 Nf6 9. Bxf6 Qxf6 10. Qe2 Bc5 11. O-O-O Qh6+ 12. Kb1 O-O 13. g4 Bg6 14. Nxe5
Rfe8 15. Nxg6 Qxg6 16. d4 Bb4 17. f3 Bxc3 18. bxc3 a5 19. h4 h6 20. h5 Qg5 21.
Rdf1 b5 22. f4 Qe7 23. e5 b4 24. cxb4 axb4 25. g5 hxg5 26. fxg5 b3 27. cxb3 c5
28. dxc5 Qxc5 29. Qc2 Qxe5 30. g6 fxg6 31. hxg6 Qg5 32. Rh8+ Kxh8 33. Rh1+ Kg8
34. Qc4+ Kf8 35. Qf7# 1-0

[Event "Junior Online 4NCL Division 5"]
[Site "online"]
[Date "2021.01.21"]
[Round "1.163"]
[White "Topping, Rachel"]
[Black "Patel, Ananya"]
[Result "1-0"]
[WhiteElo "1097"]
[BlackElo "1501"]
[PlyCount "47"]
[EventDate "2021.01.21"]
[WhiteTeam "Manchester Juniors E"]
[BlackTeam "Chess Challengers B"]

1. e4 e5 2. Nf3 Nf6 3. Nc3 Nc6 4. d4 d6 5. h3 Be6 6. d5 Nb4 7. dxe6 fxe6 8.
Bb5+ Nc6 9. Bg5 a6 10. Ba4 Be7 11. O-O O-O 12. Bb3 Qd7 13. Nh4 Nd4 14. Ba4 c6
15. f4 b5 16. fxe5 dxe5 17. Bb3 Bc5 18. Kh1 Qe7 19. Nf3 Rad8 20. Nxe5 Nxb3 21.
Qe2 Nxa1 22. Nxc6 Qd6 23. Nxd8 Qxd8 24. Rxa1 1-0